000 01667cam a22004094i 4500
003 PE-LiUPU
005 20250731183442.0
008 150706s2012 ck a r 000 0 spa d
020 _a9587612094
020 _a9789587612097
035 _a(Sirsi) i9789587612097
040 _aPE-LiUPU
_bspa
_cPE-LiUPU
_erda
049 _aPRUA
082 0 4 _a720.288
_bF825l
_223
100 1 _aFranco Salamanca, Germán,
_eautor.
245 1 3 _aEl levantamiento arquitectónico :
_buna aproximación metodológica /
_cGermán Franco Salamaca.
250 _aPrimera edición.
264 1 _aBogotá :
_bUniversidad Nacional de Colombia, Facultad de Artes,
_c2012.
300 _a87 páginas :
_bilustraciones ;
_c22 centímetros.
336 _atext
_2rdacontent
337 _aunmediated
_2rdamedia
338 _avolume
_2rdacarrier
505 0 _aEl levantamiento arquitectónico -- El concepto de levantamiento -- Elementos de trabajo -- El equipo de trabajo -- Metodología -- La fase preliminar -- La fase de medición -- Toma de medidas para las plantas -- Medidas de alturas -- La fase de documentación fotográfica -- La fase de dibujo -- Consideraciones finales.
526 _aP158
526 _aP146
526 _aP17
526 _aP12
526 _aP06
650 1 4 _aArquitectura
_xConservación y restauración.
650 2 4 _aPatrimonio arquitectónico
_xConservación y restauración.
650 2 4 _aDibujo arquitectónico.
700 1 _aTéllez García, Germán,
_eeditor.
910 _adbm
942 _2ddc
_cBK
999 _c55228
_d55228
980 _81
_gALBERTO SANCHEZ Responsable de Automatización